000
00312nam a2200109Ia 4500
008
171211s9999 xx 000 0 und d
245
_a
Without Apology: Writings on Abortion in Canada
245
_c
Shannon Stettner
260
_c
2016
650
_x
FITNESS
856
_u
http://down.ebook777.com/061/1771991593.pdf
999
_c
349091
_d
349091